Statistics for Former Countries A-Z

Click here to take the quiz!

General Stats

  • This quiz has been taken 215 times
  • The average score is 13 of 22

Answer Stats

HintAnswer% Correct
BMyanmarBurma
96%
YCroatia, Serbia, Slovenia, Etc.Yugoslavia
89%
PIranPersia
86%
ZDemocratic Republic of the CongoZaire
84%
CSri LankaCeylon
83%
SThailandSiam
83%
RZimbabweRhodesia
78%
KCambodiaKampuchea
75%
EBangladeshEast Pakistan
72%
AEthiopiaAbyssinia
70%
DSurinameDutch Guiana
59%
OSouth AfricaOrange Free State
59%
VItaly, Croatia, AlbaniaVenice
59%
HGermany, Belgium, Switzerland, etc.Holy Roman Empire
55%
GGhanaGold Coast
52%
UEgypt, SyriaUAR
41%
FDjiboutiFrench Somaliland
35%
NMalawiNyasaland
34%
WSamoaWestern Samoa
32%
IIrelandIrish Free State
17%
MRepublic of the CongoMiddle Congo
3%
TSingaporeTemasik
2%

Score Distribution

Percentile by Number Answered

Percent of People with Each Score

Your Score History

You have not taken this quiz